000 00317nam a2200109Ia 4500
008 171211s9999 xx 000 0 und d
245 _aPerforming Africa: Remixing Tradition, Theatre, and Culture
245 _cThomas Riccio
260 _c2007
650 _xART
856 _uhttp://down.ebook777.com/062/0820488992.pdf
999 _c348560
_d348560